'N' Game Quiz Stats

 Plays Quiz Updated Feb 23, 2021

Support Sporcle.
Go Orange.
Score 0/49 Timer 10:00
29 Plays Today
% Correct
New York
91.6%
North Dakota
89.4%
North Carolina
88.3%
Nebraska
87.9%
New Jersey
87%
Nevada
86.5%
New Mexico
85.9%
New Hampshire
84.3%
Navy
84.1%
Richard M. Nixon
73.8%
Niger
73%
Nigeria
71%
Nitrogen
67.5%
Norway
62.5%
Nicaragua
59.9%
Netherlands
58.3%
Neon
57.2%
Nepal
57.1%
New Zealand
56.5%
Namibia
53.9%
Newfoundland and Labrador
53.2%
North Korea
51%
Brooklyn Nets
49.9%
North Macedonia
49.5%
Nickel
49.2%
% Correct
Nova Scotia
46.3%
Jack Nicklaus
41.5%
Numbers
40.8%
Jack Nicholson
40.2%
New Brunswick
36.5%
Washington Nationals
34.1%
Nauru
33.2%
Newcastle United
32.2%
Northwest Territories
27.8%
Denver Nuggets
27.7%
Nottingham Forest
26.9%
Nagano (Japan)
26.1%
Nunavut
24.7%
Norwich City
23.5%
Nehemiah
22.8%
Paul Newman
20.7%
Nihonium
17.8%
Nobelium
17.5%
Nahum
16.1%
Neptunium
15.7%
Niobium
15.3%
Byron Nelson
14.1%
Neodymium
13.4%
David Niven
12.7%

From the Vault

Build Germany with Bundesliga Teams

by bortoluka

Sports 8m
We promise you won't need to get your construction toolbox.
Remove Ads.
Support Sporcle.
Get the best of Sporcle when you Go Orange. This ad-free experience offers more features, more stats, and more fun while also helping to support Sporcle. Thank you for becoming a member.

Show Comments

Extras

Top Quizzes Today


Score Distribution

Your Account Isn't Verified!

In order to create a playlist on Sporcle, you need to verify the email address you used during registration. Go to your Sporcle Settings to finish the process.

Report this User

Report this user for behavior that violates our Community Guidelines.

Details: